000 00540nam a22001577a 4500
003 OSt
005 20150905171335.0
008 150905b xxu||||| |||| 00| 0 eng d
040 _cRUA
082 _aAGR សុខ 1991 B002 Or.1
100 _964
_aសុខ​សារូ
245 _aសិក្សាឥទ្ថិពលនៃការប្រើប្រាស់ជីទៅលើការ លូតលាស់របស់ដំណាំពោត
260 _aPhnom Penh
_bRUA
_c1991
300 _a47p.
_bill.
_c29cm.
942 _2ddc
_cAGR
999 _c61
_d61